Most Wins in CBB over the last 10 years - Statistics

General Stats
  • This quiz has been taken 49 times
  • The average score is 21 of 50
Answer Stats
Alumni Total Wins Answer % Correct
Christian Laettner 275 Duke
95%
Michael Jordan* 257 North Carolina
93%
Chris Webber* 248 Michigan
88%
Magic Johnson* 254 Michigan State
83%
Kareem Abdul-Jabbar* 227 UCLA
83%
Stephen Curry 208 Davidson
81%
Wilt Chamberlain* 287 Kansas
79%
John Stockton* 316 Gonzaga
69%
Hakeem Olajuwon* 236 Houston
69%
Al Horford 224 Florida
64%
Ja Morant 227 Murray State
64%
Dillon Brooks 255 Oregon
62%
Cliff Hagan* 263 Kentucky
57%
Glenn Robinson 224 Purdue
57%
Ralph Sampson* 263 Virginia
57%
Davion Mitchell 242 Baylor
55%
Jimmer Fredette 231 BYU
52%
John Havlicek* 223 Ohio State
52%
Kawhi Leonard 247 San Diego State
52%
Mike Bibby 266 Arizona
50%
Derrick Rose 217 Memphis
48%
Paul Arizin* 283 Villanova
40%
Pascal Siakam 246 New Mexico State
38%
Kyle Korver 224 Creighton
36%
Dave Cowens* 216 Florida State
36%
Robert Reid 248 Saint Mary's
36%
Bernard King* 210 Tennessee
36%
Michael Finley 240 Wisconsin
36%
David West 216 Xavier
36%
Connie Hawkins* 213 Iowa
33%
Joe Johnson 224 Arkansas
31%
Oscar Robertson* 233 Cincinnati
29%
Wes Unseld* 233 Louisville
26%
Steve Francis 219 Maryland
26%
Nate Wolters 232 South Dakota State
24%
Shake Milton 210 SMU
21%
Jim Paxson 221 Dayton
19%
Larry Sanders 232 VCU
19%
Adrian Dantley* 212 Notre Dame
17%
Bill Turner 215 Akron
14%
Karl Malone* 236 Louisiana Tech
14%
Anthony Lamb 233 Vermont
14%
Xavier McDaniel 253 Wichita State
14%
Dylan Windler 245 Belmont
12%
Chandler Hutchison 209 Boise State
12%
Lawrence Alexander 209 North Dakota State
7%
James Silas 242 Stephen F. Austin
7%
Scott Brooks 217 UC Irvine
7%
Xavier Cooks 209 Winthrop
7%
Carmelo Anthony 213 Syaracuse
2%
No matching quizzes found
Score Distribution
Percent of People with Each Score
Percentile by Number Answered
Your Score History
You have not taken this quiz